00698nam a2200193Ia 4500003000900000008004100009020001800050040001600068080001400084100002500098245011000123260004200233300001000275490003200285650003400317942000700351999001700358952012900375IN-BaIIA211028s9999 xx 000 0 eng d a0-19-512011-6 cIIA Library a92:5bPAS aPasachoff, N.922690 0aMarie Curie and the science of radioactivitycN. Pasachoff  aOxfordbOxford University Pressc1996 a109p. aOxford Portraits in Science aMarie Curie- Biography927542 cBK c15098d15098 00104070aBANbBANcGENd2003-06-12eINT g925.00l0o92:5/ PASp16020r2021-11-05v925.00w2003-06-12yBKGRs. 925.00